000 00300nam a22001217a 4500
008 180315b xxu||||| |||| 00| 0 eng d
041 _aeng
080 _a78
100 _a45
101 _aMUS
245 _aLAYER ANALYSIS A PRIMER OF ELEMENTARY TONAL STRUCURES
_cWARFIELD.G
942 _2udc
_cBK
999 _c45151
_d45151